| 000 | 00414nam a2200157Ia 4500 | ||
|---|---|---|---|
| 003 | SGT | ||
| 082 |
_a343.41075 _bMAL |
||
| 100 | _aMalik,P.L | ||
| 245 | _aLaw relating weights & measures | ||
| 250 | _a8th Ed. | ||
| 260 |
_bEastern Book Company _aLucknow _c1999 |
||
| 300 | _a338p. | ||
| 650 | _aMILITARY DEFENSE PUBLIC PROPERTIES LAW | ||
| 653 | _aTHE STANDARDS OF WEIGHTS AND MEASURES ACT,1976 | ||
| 942 |
_2ddc _cBK |
||
| 999 |
_c5639 _d5639 |
||